000 00328nam a2200145Ia 4500
005 20250508054111.0
008 240331s9999 xx 000 0 und d
082 _bRAM
_a891
100 _aRamanan, A
245 0 _aMoonkil kaattu
260 _aChennai
_bVetri Achagam
_c1990
300 _a156 p .,
650 _aNovel
942 _cL
999 _c4324
_d4324